000 00813nam a22002777a 4500
001 BR9802892
003 BR-BrBNA
005 20230928095943.0
007 ta
008 230509b bl.||||| |||| 00| 0 por d
040 _aBR-BrBNA
_bpor
_cBiblioteca Nacional de Agricultura
041 _a(Por)
072 _aE11; E14
090 _ E11 BR9802892
110 1 _aSecretaria de Desenvolvimento Rural, Brasilia, DF (Brasil)
_98738
245 1 _aProjeto Centro de Documentacao e Informacao em Reforma Agraria e Agricultura Familiar
260 3 _aBrasilia, DF (Brasil):
_c1995.
300 _asp.
500 _a7 ref.
650 _aReforma Agraria
650 _aAgricultura Familiar
650 _aProjeto de Desenvolvimento
650 _aDocumentacao
909 _a202309
_bLucia
_c55
_dLucia Elande
942 _cBK
999 _c59589
_d59589